LEADER 01566nam a2200313 4500 001 000000348813 003 CaOOAMICUS 005 20211206142217.0 008 211206s2011 gw m 000 u eng r 020 $a978-3-16-150808-0 040 $aSeMil$bita 100 1 $a?Awad?, Naji?b,$d<1972- >.$0(OLS)http://semarc/name/115172 245 10$aGod without a face? :$bon the personal individuation of the Holy Spirit /$cNajeeb Awad. 264 1$aTübingen :$bMohr Siebeck,$c2011. 300 $aXII, 307 p. ;$c24 cm 490 1 $aDogmatik in der Moderne ;$v2 502 $aTesto rivisto della tesi, King's College, Londra, 2005 (pubblicata col titolo: Pneumatology and the defence of the hypostatic individuation of the Holy Spirit) 650 04$aBonhoeffer, Dietrich <1906-1945> - Influenza di Martin Lutero.$0(OLS)http://semarc/subject/51360 650 04$aSpirito Santo - Teologia.$0(OLS)http://semarc/subject/1154 650 4$aTeologia trinitaria.$0(OLS)http://semarc/subject/1000 830 0$aDogmatik in der Moderne ;$v2.$0(OLS)http://semarc/title/438290 850 $aSeMil 852 $aSeMil$W1$xVenegono$y1$m2B V 4$j230382$B239908$CSeMilBibl$Z2$F239908 $81 900 1 $aAwad, Najib George,$d<1972- >. 996 $6020$a978-3-16-150808-0$9(OLS)http://semarc/number/294821 996 $6245$aGod without a face? :$bon the personal individuation of the Holy Spirit$9(OLS)http://semarc/title/438291 996 $6264$aTübingen :$bMohr Siebeck$9(OLS)http://semarc/publisher/30329 LEADER 01136nam a2200253 i 4500 001 000000354705 003 CaOOAMICUS 005 20231011090415.0 008 230724s2023 fr a u000 u fre u 020 $a978-2-204-16043-8 040 $aSeMil$bita 100 1 $aGramont, Jérôme : de.$0(OLS)http://semarc/name/83140 245 10$aStanislas Breton :$bun portrait philosophico-théologique /$cJérôme De Gramont. 264 1$aParis :$bLes Éditions du Cerf,$c2023. 300 $a306 p., [1] carta di tav. :$britr. ;$c22 cm 490 1 $aPhilosophie & théologie 600 14$aBreton, Stanislas .$0(OLS)http://semarc/subject/15690 830 0$aPhilosophie & théologie.$0(OLS)http://semarc/title/8604 850 $aSeMil 852 $aSeMil$W1$xVenegono$y1$m2XA A 70$j242361$B245998$CSeMilBibl$Z2$F245998 $81 996 $6020$a978-2-204-16043-8$9(OLS)http://semarc/number/298532 996 $6245$aStanislas Breton :$bun portrait philosophico-théologique$9(OLS)http://semarc/title/444851 996 $6264$aParis :$bLes Éditions du Cerf$9(OLS)http://semarc/publisher/29611